000
00301nam a2200133Ia 4500
005
20251222143205.0
008
251222s9999||||xx |||||||||||||| ||spa||
020
_a
978-88-7573-427-5
082
_a
458/L13
100
_a
Lacovoni, Gabriella
245
0
_a
Gramm.it:
264
_b
Bonacci
942
_c
LIB
999
_c
13236
_d
13236